000 00660nam a2200229Ia 4500
003 OSt
005 20220926005305.0
006 a|||||r|||| 00| 0
007 ta
008 220923b |||||||| |||| 00| 0 eng d
037 _cGeneral Book
040 _aRTL
_cRTL
_beng
041 _2eng
_aeng
082 _aX93.1(X).N8, M4
100 _aRamanadham V. V. Ed.
245 0 _aPublic enterprise and the developing world
260 _a New Delhi
_bSelect Book Service India
_c1984
300 _a234p.
_ccm.
650 _aPublic Sector Economics
942 _hX93.1(X).N8, M4
_cGB
_2CC
999 _c613453
_d613453